000 00522nam a2200217 a 4500
001 0001-2420
003 ELIB.Books
008 191008 2010 eng
020 _a0718819470
092 _aFic
100 _aDavidson, L. V.
245 _aPeter Joins In
260 _aLondon
_bLutterworth Press
_c1972
300 _a128
_c18cm
650 _aFiction
856 _nKBTS Library
_uKBTS Elib
942 _2ddc
_cBK
990 _a1
998 _aEnglishbooks.elf
_ccat
_e2019-10-08
999 _c12420
_d12420